| 000 | 00818nam a2200229 i 4500 | ||
|---|---|---|---|
| 001 | 183021 | ||
| 003 | ES-MaACL | ||
| 005 | 20231028213035.0 | ||
| 008 | 140113s2013 sp a | |||||||| | spa d | ||
| 020 | _a978-84-15244-78-3 | ||
| 080 | _a821.134.2-14"19"(082.2) | ||
| 245 | 0 | 4 |
_aLos mejores poemas de amor : _bpequeños fragmentos del corazón que nos ríe / _cAntonino Nieto Rodríguez (coord.). |
| 260 |
_aMadrid : _bPigmalión, _cimp. 2013. |
||
| 300 |
_a400 p. : _bil. ; _c21 cm. |
||
| 490 | 1 | _aPigmalión poesía | |
| 650 | 4 |
_aPoesías amorosas españolas- _yS.XX. _9146536 |
|
| 700 | 1 |
_aNieto Rodríguez, Antonino. _9152971 |
|
| 830 | 0 |
_aPoesía Pigmalión _9225371 |
|
| 852 |
_aES-MaACL _jA-12976 _9189954 _bR.149725 _cDEPO1 _dOlim: N-5976 |
||
| 942 |
_2udc _cMONOGRAFIA |
||
| 999 |
_c183021 _d183021 |
||